000 00341nam a2200145Ia 4500
005 20251222141842.0
008 251222s9999||||xx |||||||||||||| ||spa||
020 _a8472234118
082 _a863.64/L22
100 _aLandero, Luis
245 0 _aCaballeros de Fortuna
250 _a1ra.ed.
264 _bTusquets Editores, S.A.
942 _cLIB
999 _c7464
_d7464